[Event "RUS-ch U18"]
[Site "Dagomys"]
[Date "2009.04.21"]
[Round "7"]
[White "Petrov, Artur"]
[Black "Milutin, Roman"]
[Result "1/2-1/2"]
[WhiteElo "2299"]
[BlackElo "2327"]
[PlyCount "91"]
[EventDate "2009.04.15"]
[EventType "swiss"]
[EventRounds "9"]
[EventCountry "RUS"]
[SourceTitle "CBM 130 Extra"]
[Source "ChessBase"]
[SourceDate "2009.07.02"]
[SourceVersion "2"]
[SourceVersionDate "2009.07.15"]
[SourceQuality "1"]

1. Nf3 Nf6 2. g3 g6 3. Bg2 Bg7 4. 0-0 0-0 5. d3 d6 6. e4 e5 7. Nbd2 Nbd7 8. c3 Re8 9. d4 exd4 10. Nxd4 Nc5 11. Qc2 a5 12. N4b3 Nxb3 13. axb3 d5 14. Qd3 c6 15. exd5 Bf5 16. Qc4 Nxd5 17. Nf3 Nb6 18. Qc5 Nd7 19. Qd6 Re6 20. Qd1 Nc5 21. Qxd8+ Rxd8 22. Be3 Nxb3 23. Ra3 a4 24. Rxa4 Bd3 25. Rd1 Red6 26. Bf4 R6d7 27. Ne5 Bxe5 28. Bxe5 Ba6 29. Rxd7 Rxd7 30. h4 Rd1+ 31. Kh2 Rd2 32. Rb4 Nc5 33. Rd4 Rxd4 34. Bxd4 Nd3 35. b4 Ne1 36. Bh3 Nf3+ 37. Kg2 Nxd4 38. cxd4 f6 39. Kf3 Kf7 40. Ke4 Bc4 41. Bc8 Bd5+ 42. Kf4 b6 43. Bg4 h6 44. Be2 g5+ 45. Kg4 Be6+ 46. Kf3 1/2-1/2

[Event "RUS-ch U18"]
[Site "Dagomys"]
[Date "2009.04.16"]
[Round "2"]
[White "Milutin, Roman"]
[Black "Balakirev, Ilya"]
[Result "0-1"]
[WhiteElo "2327"]
[BlackElo "2278"]
[PlyCount "46"]
[EventDate "2009.04.15"]
[EventType "swiss"]
[EventRounds "9"]
[EventCountry "RUS"]
[SourceTitle "CBM 130 Extra"]
[Source "ChessBase"]
[SourceDate "2009.07.02"]
[SourceVersion "2"]
[SourceVersionDate "2009.07.15"]
[SourceQuality "1"]

1. e4 c5 2. Nf3 e6 3. c3 d5 4. exd5 Qxd5 5. d4 Nf6 6. Na3 a6 7. Nc4 Nbd7 8. Be3 b5 9. Ncd2 cxd4 10. Bxd4 Bd6 11. c4 bxc4 12. Bxc4 Qh5 13. Be2 0-0 14. 0-0 Bb7 15. Ne5 Qh4 16. Ndf3 Qh5 17. Ne1 Qf5 18. Nxd7 Nxd7 19. Be3 Bd5 20. Nf3 Ne5 21. Bd4 Nxf3+ 22. Bxf3 Qf4 23. Re1 Qxh2+ 0-1

[Event "Belgrade Trophy 21st"]
[Site "Obrenovac"]
[Date "2008.12.02"]
[Round "6"]
[White "Maksimovic, Branimir"]
[Black "Milutin, Roman"]
[Result "1/2-1/2"]
[WhiteElo "2418"]
[BlackElo "2321"]
[PlyCount "51"]
[EventDate "2008.11.27"]
[EventType "swiss"]
[EventRounds "9"]
[EventCountry "YUG"]
[SourceTitle "CBM 127 Extra"]
[Source "ChessBase"]
[SourceDate "2009.01.08"]
[SourceVersion "2"]
[SourceVersionDate "2009.01.28"]
[SourceQuality "1"]

1. d4 Nf6 2. Nc3 d5 3. Bg5 e6 4. e4 Be7 5. Bxf6 Bxf6 6. Nf3 0-0 7. Bd3 c5 8. e5 Be7 9. h4 f5 10. dxc5 Nc6 11. Qe2 Bxc5 12. 0-0-0 Qa5 13. Kb1 a6 14. Ng5 h6 15. Qh5 Nxe5 16. f4 Ng4 17. Qg6 Nf6 18. Bxf5 exf5 19. Nxd5 hxg5 20. hxg5 Nxd5 21. Rxd5 Rd8 22. Re5 Qb6 23. Qh5 Ba3 24. b3 Qd4 25. Qh8+ Kf7 26. Qh5+ 1/2-1/2

[Event "Belgrade Trophy 21st"]
[Site "Obrenovac"]
[Date "2008.11.30"]
[Round "4"]
[White "Milosevic, Rade"]
[Black "Milutin, Roman"]
[Result "0-1"]
[WhiteElo "2150"]
[BlackElo "2321"]
[PlyCount "74"]
[EventDate "2008.11.27"]
[EventType "swiss"]
[EventRounds "9"]
[EventCountry "YUG"]
[SourceTitle "CBM 127 Extra"]
[Source "ChessBase"]
[SourceDate "2009.01.08"]
[SourceVersion "2"]
[SourceVersionDate "2009.01.28"]
[SourceQuality "1"]

1. Nf3 Nf6 2. c4 c5 3. d4 cxd4 4. Nxd4 e5 5. Nb5 d5 6. cxd5 Bc5 7. e3 0-0 8. Be2 a6 9. N5c3 e4 10. 0-0 Qe7 11. Nd2 Rd8 12. Qc2 Bf5 13. Rd1 Nbd7 14. Nf1 Rac8 15. Ng3 Bg6 16. a3 Ne5 17. b4 Ba7 18. Qb3 h5 19. h3 h4 20. Nf1 Qd7 21. Bd2 Bf5 22. Nh2 Bb8 23. f4 exf3 24. Nxf3 Nxf3+ 25. Bxf3 Qd6 26. Kf2 Bd3 27. Ne2 Bc4 28. Qb1 Nxd5 29. Qf5 Bb3 30. Rdc1 Ne7 31. Qb1 Bc4 32. Bc3 Bxe2 33. Bxe2 Qg3+ 34. Kf1 Qxe3 35. Be1 Ba7 36. Bf3 Rd2 37. Rxc8+ Nxc8 0-1

[Event "Belgrade Trophy 21st"]
[Site "Obrenovac"]
[Date "2008.11.29"]
[Round "3"]
[White "Milutin, Roman"]
[Black "Kasparov, Sergey"]
[Result "0-1"]
[WhiteElo "2321"]
[BlackElo "2492"]
[PlyCount "43"]
[EventDate "2008.11.27"]
[EventType "swiss"]
[EventRounds "9"]
[EventCountry "YUG"]
[SourceTitle "CBM 127 Extra"]
[Source "ChessBase"]
[SourceDate "2009.01.08"]
[SourceVersion "2"]
[SourceVersionDate "2009.01.28"]
[SourceQuality "1"]

1. e4 c6 2. d4 d5 3. e5 Bf5 4. Nf3 e6 5. Be2 Bb4+ 6. Nbd2 Nd7 7. 0-0 Ba5 8. c3 Bc7 9. Ne1 Qe7 10. Nd3 f6 11. f4 Nh6 12. h3 Nf7 13. g4 Bxd3 14. Bxd3 g5 15. exf6 Nxf6 16. Nf3 gxf4 17. Qe2 0-0-0 18. Ne5 Bxe5 19. dxe5 Nd7 20. Bxf4 h5 21. gxh5 Nfxe5 22. Bg6 0-1

[Event "Alushta Autumn 1st"]
[Site "Alushta"]
[Date "2008.09.03"]
[Round "2"]
[White "Harutjunyan, Gevorg"]
[Black "Milutin, Roman"]
[Result "1-0"]
[WhiteElo "2441"]
[BlackElo "2244"]
[PlyCount "97"]
[EventDate "2008.09.02"]
[EventType "tourn"]
[EventRounds "11"]
[EventCountry "UKR"]
[EventCategory "5"]
[SourceTitle "CBM 126 Extra"]
[Source "ChessBase"]
[SourceDate "2008.11.05"]
[SourceVersion "1"]
[SourceVersionDate "2008.11.05"]
[SourceQuality "1"]

1. e4 c5 2. Nc3 Nc6 3. Bb5 g6 4. Bxc6 dxc6 5. d3 Bg7 6. Be3 b6 7. Qd2 e5 8. Nge2 Ne7 9. Bh6 0-0 10. h4 f5 11. Bxg7 Kxg7 12. f4 fxe4 13. Nxe4 Bf5 14. Ng5 Nd5 15. fxe5 h6 16. Nf3 Bg4 17. Neg1 Nf4 18. 0-0-0 Qd5 19. Kb1 Rad8 20. Rf1 c4 21. d4 c5 22. c3 cxd4 23. cxd4 Bf5+ 24. Ka1 Bd3 25. Rc1 b5 26. Rh2 a5 27. Qe3 Qe6 28. Ne1 Nd5 29. Qd2 Be4 30. Ngf3 Rc8 31. Rh3 b4 32. Rg3 c3 33. bxc3 bxc3 34. Qe2 Nb4 35. Nh2 Qd5 36. Ng4 c2 37. Rb3 Qxd4+ 38. Rb2 a4 39. Qe3 Qc4 40. Qxh6+ Kf7 41. Qd2 Nd3 42. Nxd3 Bxd3 43. e6+ Ke8 44. Ne5 Qxe6 45. Nxd3 a3 46. Rb5 Rf5 47. Re1 c1Q+ 48. Nxc1 Rxc1+ 49. Qxc1 1-0